000
00271nam a2200109Ia 4500
008
220204s9999 xx 000 0 und d
082
_a
159.922
_b
JAN
100
_a
Janus, Sam
245
2
_a
A Sexual profile of men in power
260
_a
New York
_b
Warner
_c
1978
942
_c
BK
999
_c
29983
_d
29983